100 Biggest Cities If The Sea Rose 500 Meters - Statistics

General Stats
  • This quiz has been taken 68 times
  • The average score is 53 of 100
Answers on the Map
Answers color-coded by a green-red scale on the quiz's map according to % correct below.
 
Answer Stats
Country Population City % Correct
Mexico 24.70 mil Mexico City
92%
Canada 1.37 mil Edmonton
88%
South Africa 14.50 mil Johannesburg
88%
Spain 6.80 mil Madrid
88%
Chile 8.00 mil Santiago
88%
Turkey 5.25 mil Ankara
86%
Afghanistan 4.62 mil Kabul
86%
Brazil 22.70 mil São Paulo
86%
Iran 15.80 mil Tehran
86%
United States 3.87 mil Denver
85%
United States 2.57 mil Salt Lake City
85%
Kenya 6.30 mil Nairobi
83%
Mongolia 1.47 mil Ulan Bator
83%
Colombia 10.00 mil Bogota
81%
Brazil 4.10 mil Brasilia
81%
United States 2.30 mil Las Vegas
81%
Saudi Arabia 8.80 mil Riyadh
81%
Ethiopia 4.00 mil Addis Ababa
80%
India 13.20 mil Bangalore
80%
Canada 1.52 mil Calgary
80%
Mexico 5.65 mil Guadalajara
80%
Mexico 5.75 mil Monterrey
80%
India 10.70 mil Hyderabad
78%
Bolivia 2.17 mil La Paz
78%
Jordan 5.70 mil Amman
76%
China 3.87 mil Ürümqi
76%
Madagascar 2.85 mil Antananarivo
75%
Venezuela 3.80 mil Caracas
75%
United States 1.05 mil El Paso
75%
Nepal 3.02 mil Kathmandu
75%
Uganda 3.82 mil Kampala
73%
Yemen 3.00 mil Sana'a
73%
Bulgaria 1.45 mil Sofia
73%
Zimbabwe 2.07 mil Harare
71%
Ecuador 2.82 mil Quito
71%
Colombia 4.15 mil Medellin
69%
Indonesia 6.85 mil Bandung
68%
Kyrgyzstan 1.14 mil Bishkek
68%
Zambia 2.92 mil Lusaka
68%
Saudi Arabia 1.64 mil Medina
68%
Costa Rica 2.40 mil San Jose
68%
Armenia 1.51 mil Yerevan
68%
Brazil 5.10 mil Belo Horizonte
66%
Guatemala 3.25 mil Guatemala City
66%
Colombia 2.92 mil Cali
64%
Mexico 4.10 mil Puebla
64%
Cameroon 3.65 mil Yaoundé
64%
Mexico 1.58 mil Ciudad Juarez
63%
Tajikistan 1.05 mil Dushanbe
63%
Israel 1.03 mil Jerusalem
63%
Rwanda 1.28 mil Kigali
61%
India 7.35 mil Pune
61%
El Salvador 1.91 mil San Salvador
59%
Honduras 1.19 mil Tegucigalpa
59%
Kazakhstan 2.25 mil Almaty
58%
Iran 3.30 mil Isfahan
54%
China 6.00 mil Kunming
54%
Malawi 1.12 mil Lilongwe
53%
Mexico 2.20 mil Leon
51%
Iran 3.30 mil Mashhad
51%
D. R. Congo 2.55 mil Lubumbashi
46%
Iran 1.35 mil Qom
46%
Iran 1.84 mil Shiraz
46%
Iran 1.88 mil Tabriz
46%
United States 1.00 mil Tucson
46%
Mexico 1.02 mil Chihuahua
44%
D. R. Congo 2.25 mil Mbuji-Mayi
37%
Bolivia 1.40 mil Cochabamba
36%
Brazil 3.50 mil Curitiba
36%
Turkey 1.74 mil Gaziantep
36%
Peru 1.15 mil Arequipa
34%
Brazil 3.27 mil Campinas
34%
Brazil 2.50 mil Goiania
34%
Turkey 1.36 mil Konya
32%
Pakistan 1.21 mil Quetta
32%
Argentina 1.12 mil Mendoza
31%
Mexico 2.60 mil Toluca
31%
Mexico 1.34 mil San Luis Potosi
29%
Mexico 1.18 mil Aguascalientes
25%
Turkey 1.12 mil Kayseri
24%
Mexico 1.59 mil Queretaro
20%
India 1.69 mil Srinagar
20%
Mexico 1.39 mil Torreon
20%
India 3.40 mil Indore
19%
China 3.32 mil Lanzhou
17%
Mexico 1.06 mil Saltillo
17%
Venezuela 1.32 mil Barquisimeto
15%
Turkey 1.08 mil Diyarbakir
15%
China 4.62 mil Guiyang
14%
Colombia 1.30 mil Bucaramanga
12%
Mexico 1.19 mil Cuernavaca
12%
D. R. Congo 1.25 mil Kananga
12%
Iran 1.06 mil Kermanshah
12%
Mexico 1.00 mil Morelia
12%
India 1.91 mil Aurangabad
8%
Nigeria 2.00 mil Kaduna
7%
India 2.22 mil Nashik
7%
Nigeria 1.08 mil Jos
5%
India 1.51 mil Ranchi
3%
Nigeria 1.06 mil Zaria
3%
No matching quizzes found
Score Distribution
Percent of People with Each Score
Percentile by Number Answered
Your Score History
You have not taken this quiz